Affordable rural housing (Record no. 120520)

MARC details
000 -LEADER
fixed length control field 00862cam a2200205 4500
001 - CONTROL NUMBER
control field ##WS135085
008 - FIXED-LENGTH DATA ELEMENTS--GENERAL INFORMATION
fixed length control field 060925n 000 0 eng u
035 ## - SYSTEM CONTROL NUMBER
System control number (Sirsi) u135085
041 0# - LANGUAGE CODE
Language code of text/sound track or separate title eng
110 1# - MAIN ENTRY--CORPORATE NAME
Corporate name or jurisdiction name as entry element United Kingdom
Subordinate unit Department for Environment, Food and Rural Affairs
245 00 - TITLE STATEMENT
Title Affordable rural housing
520 ## - SUMMARY, ETC.
Summary, etc. This website, jointly sponsored by DCLG and DEFRA, presents information, contacts and links to best practice for those interested in the issue of affordable rural housing.
590 ## - LOCAL NOTE (RLIN)
Local note IKA031006, KA
650 24 - SUBJECT ADDED ENTRY--TOPICAL TERM
Topical term or geographic name entry element Affordable housing
9 (RLIN) 6215
651 #4 - SUBJECT ADDED ENTRY--GEOGRAPHIC NAME
Geographic name England
Chronological subdivision 886-
690 ## - LOCAL SUBJECT ADDED ENTRY--TOPICAL TERM (OCLC, RLIN)
Topical term or geographic name as entry element PROPERTY-RURAL AND NATURAL ASSETS
710 1# - ADDED ENTRY--CORPORATE NAME
Corporate name or jurisdiction name as entry element United Kingdom
Subordinate unit Department for Communities and Local Government
9 (RLIN) 4939
856 40 - ELECTRONIC LOCATION AND ACCESS
Uniform Resource Identifier <a href="https://www.defra.gov.uk/rural/arh/index.htm">https://www.defra.gov.uk/rural/arh/index.htm</a>
Public note View the item free of charge at www.defra.gov.uk...
942 ## - ADDED ENTRY ELEMENTS (KOHA)
Suppress in OPAC 0
Holdings
Withdrawn status Lost status Source of classification or shelving scheme Damaged status Not for loan Home library Current library Shelving location Date acquired Total Checkouts Full call number Barcode Date last seen Copy number Price effective from Koha item type
    Dewey Decimal Classification     Virtual Virtual Online 25/09/2006   WEB SITE 135085-1001 06/08/2019 1 06/08/2019 Online material